Normal view
MARC view
- المحاسبة المالية - الشركات المساهمة
Entry Topical Term
001 - CONTROL NUMBER
- control field: 47505
003 - CONTROL NUMBER IDENTIFIER
- control field: JO-AjAnu
005 - DATE AND TIME OF LATEST TRANSACTION
- control field: 20230606081837.0
008 - FIXED-LENGTH DATA ELEMENTS
- fixed length control field: 230606|| aca||aabn | a|a d
040 ## - CATALOGING SOURCE
- Original cataloging agency: JO-AjAnu
- Transcribing agency: JO-AjAnu
150 ## - HEADING--TOPICAL TERM
- Topical term or geographic name entry element: المحاسبة المالية - الشركات المساهمة
670 ## - SOURCE DATA FOUND
- Source citation: Work cat.: (JO-AjAnu)24310: حمادة، رشا ؛ مدقق لغوي ماجد ابو ماضي, author 47504, المحاسبة المالية في شركات الأشخاص : بين النظرية والتطبيق